5-Letter Country Names by 3rd Letter - Statistics

General Stats
  • This quiz has been taken 1,131 times
    1,121 since last reset
  • The average score is 11 of 13
Answer Stats
State % Correct
A Ghana|Italy|Spain
96%
P Japan|Nepal
93%
I Chile|China|Haiti
92%
M Samoa|Yemen
90%
N Benin|Kenya|Tonga
89%
B Gabon|Libya
89%
D India|Sudan
88%
L Malta|Palau
87%
U Nauru
80%
Y Egypt
75%
G Niger
71%
T Qatar
69%
R Syria
66%
No matching quizzes found
Score Distribution
Percent of People with Each Score
Percentile by Number Answered
Your Score History
You have not taken this quiz since the last reset